Представление документа в формате MARC21

Поле Инд. ПП Название Значение
Тип записи a
Библиографический уровень m
001 Контрольный номер UNIDUBNA219ca44e45f640febf410bc7b8bc7d99
005 Дата корректировки 20260507171431.4
008 Кодируемые данные 20260507
022 a ISSN 1609-364X
084 a Индекс другой классификации/Индекс ББК 26.19
090 a Полочн. индекс 95.2
099 a Индекс 72104
245 a Заглавие Геоинформатика
n Номер части/ раздела №1/2026
b Продолж. заглавия журнал о геоинформационных технологиях в геологии, землепользовании, геоэкологии
c Ответственность учредители: Мин-во природных ресурсов и экологии РФ [и др.]; гл. ред. Е. Н. Черемисина
246 _1 a Другая форма заглавия Geoinformatika
260 c Дата издания 2026
b Издательство ВНИГНИ
a Место издания Москва
300 a Объем 122 с.
500 a Примечание Журнал
650 a Основная рубрика геология
a Основная рубрика информатика
a Основная рубрика науки о Земле
653 a Ключевые слова геоинформационные системы (ГИС)
a Ключевые слова ГИС-технологии
773 w Контрольный № источника RU/IS/BASE/388086256
901 t Тип документа s
952 a Тип литературы для КСУ ВШ НЖ
991 s 2